NBA Logo to State - Statistics

General Stats
  • This quiz has been taken 27 times
  • The average score is 27 of 30
Answer Stats
Picture Answer % Correct
California
100%
California
100%
California
100%
Massachusetts
100%
Texas
100%
Florida
96%
Illinois
96%
New York
96%
New York
96%
Arizona
92%
Florida
92%
Indiana
92%
Minnesota
92%
Ohio
92%
Texas
92%
Louisiana
88%
Oklahoma
88%
Texas
88%
Wisconsin
88%
California
83%
North Carolina
83%
Oregon
83%
Tennessee
83%
Utah
83%
Washington D.C.
83%
Georgia
79%
Pennsylvania
79%
Michigan
75%
Colorado
71%
Ontario
63%
No matching quizzes found
Score Distribution
Percent of People with Each Score
Percentile by Number Answered
Your Score History
You have not taken this quiz